| 000 | 00604nam a2200229 a 4500 | ||
|---|---|---|---|
| 005 | 20260322212044.0 | ||
| 008 | data | ||
| 010 | _a98-011053 | ||
| 020 | _a0375700757 | ||
| 020 | _a9780375700750 | ||
| 040 | _aDonation | ||
| 099 | _aFRACC | ||
| 100 | 1 |
_aFrazier, Charles, _d1950- |
|
| 245 | 1 | 0 |
_aCold mountain : _ba novel _cby Charles Frazier. |
| 250 | _aVintage contemporaries ed. | ||
| 260 |
_aNew York _bVintage Books _c 1998 |
||
| 300 |
_a449 p. : _b map ; _c 21 cm. |
||
| 650 | 4 | _aHistorical fiction. | |
| 650 | 4 | _aLove stories. | |
| 650 | 0 | 2 |
_aUnited States _xhistory _xhistory _vfiction |
| 001 | data | ||
| 999 |
_c1030 _d1030 |
||